L'analyse démographique: concepts - méthodes - résultats

Gorde:
Xehetasun bibliografikoak
Egile nagusia: Pressat, Roland (Egilea)
Formatua: Liburua
Hizkuntza:frantsesa
Argitaratua: París Universitaires de France 1969
Edizioa:2a. ed
Saila:Sección de Obras de Sociología
Gaiak:
Etiketak: Etiketa erantsi
Etiketarik gabe, Izan zaitez lehena erregistro honi etiketa jartzen!

MARC

LEADER 00000nam a2200000 a 4500
001 UCP2020
003 CL-VaPUC
008 990430e19690000FR |||||||||||||||||fre|d
082 0 4 |a 304.6  |b PRE  |2 21 
100 0 |a Pressat, Roland  |e author  |9 428415 
245 1 2 |a L'analyse démographique: concepts - méthodes - résultats 
250 |a 2a. ed 
300 |a 321 p 
942 |c BK 
945 |d 19990430 00:00:00  |a lriquelm 
260 |a París  |b Universitaires de France  |c 1969 
650 0 |a Demografía   |9 260008 
650 0 |a Población  |9 257577 
650 0 |a Estadística   |9 259535 
650 0 |a Análisis demográficos  |9 428416 
583 |a last modification  |c 19990430 00:00:00  |k Rodrigo Vera 
490 0 |a Sección de Obras de Sociología 
999 |c 280632  |d 280630 
952 |0 0  |1 0  |4 0  |6 304_600000000000000_PRE_1969  |7 0  |8 A  |9 321049  |a BIBHIS  |b BIBHIS  |d 2019-11-20  |i 133963K  |o 304.6 PRE 1969  |p 133963K  |r 2025-01-20  |w 2019-11-20  |y BK  |k HIS